| 000 | 00000nam##2200000za#4500 |
| 001 | 9.546179 |
| 003 | CaOODSP |
| 005 | 20210615091436 |
| 007 | ta |
| 008 | 150406|2008||||xxc||||| f|0| 0 fre|d |
| 020 | |a978-0-662-05868-7 |
| 040 | |aCaOODSP|bfre |
| 041 | |aeng |
| 041 | |afre |
| 043 | |an-cn--- |
| 086 | 1 |aHS23-1/4-2008 |
| 110 | 1 |aCanada.|bRessources humaines et Développement social Canada. |bProgramme du travail. |
| 245 | 10|aDroit de refuser d'exécuter un travail dangereux |
| 260 | |aGatineau - Québec : |bRessources humaines et Développement social Canada. |cc2008. |
| 300 | |aTexte français, 6p. ; |c28 cm. |
| 490 | 1 |aRenseignements sur la santé et la sécurité au travail |v4 |
| 563 | |aCouverture souple |
| 590 | |a08-38|b2008-09-19 |
| 691 | 07|aRéglementation en matière de sécurité|2gcpds |
| 776 | 0#|tDroit de refuser d'exécuter un travail dangereux |w(CaOODSP)9.596066 |
| 776 | 0#|tRight to refuse dangerous work |w(CaOODSP)9.564290 |
| 791 | |tRight to refuse dangerous work |eeng|w(CaOODSP)9.546178 |
| 830 | #0|aRenseignements sur la santé et la sécurité au travail ;|v4|w(CaOODSP)9.511053 |
| 986 | |aLT-095-07-08 |